Who's going to pay? (Record no. 60739)

MARC details
000 -LEADER
fixed length control field 00684cam a2200169 4500
001 - CONTROL NUMBER
control field ABS61057
008 - FIXED-LENGTH DATA ELEMENTS--GENERAL INFORMATION
fixed length control field 000000n 000 0 eng u
035 ## - SYSTEM CONTROL NUMBER
System control number (Sirsi) u101608
100 ## - MAIN ENTRY--PERSONAL NAME
Personal name Bingham, T.
245 ## - TITLE STATEMENT
Title Who's going to pay?
490 ## - SERIES STATEMENT
Series statement Building
Volume/sequential designation 64(8101) 27 August 1999, 57(1)
520 ## - SUMMARY, ETC.
Summary, etc. Examines whether or not the Scheme for Construction Contracts gives adjudicators the power to make one side pay the other's costs in an adjudication. (Taken from journal headnote.)
650 ## - SUBJECT ADDED ENTRY--TOPICAL TERM
Topical term or geographic name entry element COSTS
650 ## - SUBJECT ADDED ENTRY--TOPICAL TERM
Topical term or geographic name entry element SCHEME FOR CONSTRUCTION CONTRACTS
690 ## - LOCAL SUBJECT ADDED ENTRY--TOPICAL TERM (OCLC, RLIN)
Topical term or geographic name as entry element MANAGEMENT-DISPUTE AVOIDANCE, MANAGEMENT AND RESOLUTION-DISPUTE MANAGEMENT AND RESOLUTION-ARBITRATION
942 ## - ADDED ENTRY ELEMENTS (KOHA)
Suppress in OPAC 0
Holdings
Withdrawn status Lost status Source of classification or shelving scheme Damaged status Not for loan Home library Current library Shelving location Date acquired Total Checkouts Full call number Barcode Date last seen Copy number Price effective from Koha item type
    Dewey Decimal Classification     London London Journal article 08/11/1999   ABS61057 101608-1001 06/08/2019 1 06/08/2019 Journal article